Sports Quiz

Random Sports Quiz
Score 0/25 Timer 04:00
0 Plays Today
First/Last Year Won City % Correct
1893/1993Montréal
100%
1928/1994New York
98.4%
1929/2011Boston
97.6%
1936/2008Detroit
97.6%
1914/1967Toronto
96.8%
1934/2010Chicago
96.8%
1989Calgary
96.8%
1974/1975Philadelphia
95.2%
2004Tampa
95.2%
2012Los Angeles
95.2%
1984/1990Edmonton
94.4%
1991/2009Pittsburgh
93.5%
1999Dallas
93.5%
First/Last Year Won City % Correct
1996/2001Denver
92.7%
1903/1927Ottawa
87.9%
2006Raleigh
85.5%
2007Anaheim
85.5%
1995/2003East Rutherford
84.7%
1915Vancouver
75%
1980/1983Uniondale
70.2%
1912/1913Québec
66.1%
1917Seattle
51.6%
1896/1902Winnipeg
50.8%
1925Victoria
31.5%
1907Kenora
22.6%
Remove Ads.
Support Sporcle.
Get the best of Sporcle when you Go Orange. This ad-free experience offers more features, more stats, and more fun while also helping to support Sporcle. Thank you for becoming a member.

You're not logged in!

Compare scores with friends on all Sporcle quizzes.
OR
Log In

Show Comments

Extras

Created Jul 2, 2012SourceReportNominate
Tags:Stanley Cup

Top Quizzes Today


Score Distribution

Your Account Isn't Verified!

In order to create a playlist on Sporcle, you need to verify the email address you used during registration. Go to your Sporcle Settings to finish the process.

Report this User

Report this user for behavior that violates our Community Guidelines.

Details: